Casos y casuística en la investigación social contemporánea /
Se propone una reflexión sobre el uso de ejemplos y análisis casuístico en la producción de conocimiento social, fundamentalmente en el campo de la antropología y la historia. Se argumenta que la práctica casuística no opera en oposición radical a la existencia de principios generales y que las dife...
Kaydedildi:
| Yazar: | |
|---|---|
| Materyal Türü: | Metin |
| Konular: | |
| Etiketler: |
Etiketle
Etiket eklenmemiş, İlk siz ekleyin!
|
MARC
| LEADER | 00000 a a2200000 04500 | ||
|---|---|---|---|
| 001 | 41431 | ||
| 003 | |||
| 040 | |||
| 100 | |a Hidalgo, Cecilia | ||
| 245 | |a Casos y casuística en la investigación social contemporánea / |c Cecilia Hidalgo | ||
| 520 | |a Se propone una reflexión sobre el uso de ejemplos y análisis casuístico en la producción de conocimiento social, fundamentalmente en el campo de la antropología y la historia. Se argumenta que la práctica casuística no opera en oposición radical a la existencia de principios generales y que las diferencias de este recurso con respecto a la selección de ejemplos típicos permiten que el interés epistemológico supere la relación teoría/ejemplo. | ||
| 590 | |a DISEMINAR082011/EFU/AGOSTO2011 | ||
| 650 | |a 1.ESTUDIOS DE CASOS | ||
| 650 | |a 2.EPISTEMOLOGIA | ||
| 650 | |a 3.TEORIA | ||
| 650 | |a 4.METODOS DE INVESTIGACION | ||
| 650 | |a 5.INVESTIGACION SOCIAL | ||
| 650 | |a 6.CIENCIAS SOCIALES | ||
| 773 | |g páginas 127-138 | ||
| 999 | |c 22098 |d 22098 | ||
| 773 | 0 | |0 6617 |9 856 |a Hidalgo, Cecilia |d Argentina : CICCUS ; CLACSO ; Universidad de Buenos Aires, |o 12377 |t Filosofía para la ciencia y la sociedad : |w (cru CIDCACS/IIS)41430 |z 978-987-1599-29-5 | |



